=LDR 00000nam 2200000 4500 =001 NUTBA000000000002438 =005 20140616154510.0 =006 =007 =008 =020 ##$$a 979-744-457-0 =035 ##$$a 0010-061400000000381 =040 ##$$a NBPDMAT =082 ##$$a 635.6 =090 ##$$a 635.6 $b Sup b =100 ##$$a Suparman =245 ##$$a Bercocok tanam cabai / $c Suparman ; editor, Liza Kurnia Sari =260 ##$$a Jakarta : $b Azka Press, $c 2006 =300 ##$$a 90 hlm. : $b ilus. ; $c 21 cm. =650 ##$$a Cabai - Budidaya =700 ##$$a Liza Kurnia Sari =850 ##$$a NBPDMAT =990 ##$$a 21401797